000 00475nam a2200145 4500
999 _c11498
_d11498
008 181205b ||||| |||| 00| 0 eng d
022 _a
082 _aDPer 050 T48 Apr-June 2016 v. 187, n. 12-24
100 _932959
_aNye, Bill.
245 _aSundar Pichai:
_bthe internet's chief engineer/
_cBill Nye.
260 _aHong Kong;
_bTime Asia,
_cc2016.
300 _av187 n16-17, page 38:
_billustrations;
_c27 cm.
650 0 _932960
_aCelebrities
_xEngineer.
942 _2ddc
_cPER